A first course in linear algebra with applications

Αποθηκεύτηκε σε:
Λεπτομέρειες βιβλιογραφικής εγγραφής
Κύριος συγγραφέας: Moore, Hal G. 1929-
Άλλοι συγγραφείς: Yaqub, Adil 1928-
Μορφή: Βιβλίο
Γλώσσα:English
Δημοσίευση: San Diego : Academic Press, 1998
Έκδοση:3rd ed.
Θέματα:
Ετικέτες: Προσθήκη ετικέτας
Δεν υπάρχουν, Καταχωρήστε ετικέτα πρώτοι!

MARC

LEADER 00000nam a2200000 i 4500
001 1/73105
008 080128s1998 eng d
020 |a 0-12-505760-1 (hbk.) 
035 |l 10094316 
040 |a GR-MY-UA  |b gre  |e aacr 
041 0 |a eng 
082 0 |a 512.5  |2 (22) 
100 1 |a Moore, Hal G.  |d 1929- 
245 1 2 |a A first course in linear algebra with applications /  |c Hal G. Moore, Adil Yaqub 
250 |a 3rd ed. 
260 |a San Diego :   |b Academic Press,   |c 1998 
300 |a (ποικίλες σελιδαριθμήσεις);  |b σχέδια, πιν.;  |c 25 εκ. 
504 |a Περιλαμβάνει βιβλιογραφίες και ευρετήριο 
650 0 0 |a Algebras, Linear. 
700 1 |a Yaqub, Adil  |d 1928- 
852 |a INST  |b CHIOS  |e 20080201  |h 512.5 MOO  |p 005200027831  |q 005200027831  |t BK  |y 0 
901 |a BIBL2-2008-1 
909 |a Χ  |b 1146354 
922 |a 2ΕΛΗ  |b 200712  |c ΕΠΕΑΕΚ2/ΤΜΟΔ  |d ΕΛΕΥΘΕΡΟΥΔΑΚΗΣ 
970 |a ΑΤΣΑΛΗ  |b ΔΕΣΠΟΙΝΑ  |z 2008/01/28